LEADER 01290nam a2200217 i 4500 001 000000131247 003 CaOOAMICUS 005 20070417000000.0 008 070417s1956 it u000 u ita u 013 $a104105 040 $aSeMil$bita 245 13$aLa Parrocchia tutta di San Michele Arcangelo in Busto Arsizio palpitante di fede e di amore celebra e rievoca commossa il suo primo cinquantenario di vita e si stringe al venerato pastore il Rev. sac. Don. Luigi Scola ... :$b1906 29 aprile - 6 maggio 1956. 260 $a[S.l. :$bs.n.],$c1956$e(Busto Arsizio :$fTip. Battista Tosi,$g1956) 300 $a32 p. :$bill. ;$c32 cm + [1] c. di tav. 500 $aNumero straordinario del «Notiziario mensile». 650 4$aBusto Arsizio - Storia.$0(OLS)http://semarc/subject/4426 850 $aSeMil 852 $aSeMil$W1$xVenegono$y1$m5C XI 4/20$j85230$B85230$CSeMilBibl$Z2$F122387 $81 961 $aRecupero: Altro 996 $6245$aLa Parrocchia tutta di San Michele Arcangelo in Busto Arsizio palpitante di fede e di amore celebra e rievoca commossa il suo primo cinquantenario di vita e si stringe al venerato pastore il Rev. sac. Don. Luigi Scola ... :$b1906 29 aprile - 6 maggio 1956$9(OLS)http://semarc/title/193133 996 $6260$a[S.l. :$bs.n.]$9(OLS)http://semarc/publisher/29751 LEADER 01354nam a2200265 i 4500 001 000000059182 003 CaOOAMICUS 005 20140314000000.0 008 140314s1997 xx u000 u ger u 013 $a30354 020 $a3-7887-1640-1 040 $aSeMil$bita 100 1 $aHartenstein, Friedhelm.$0(OLS)http://semarc/name/30214 245 14$aDie Unzugänglichkeit Gottes im Heiligtum :$bJesaja 6 und der Wohnort JHWHs in der Jerusalemer Kulttradition /$cFriedhelm Hartenstein. 260 $aNeukirchen-Vluyn :$bNeukirchener,$c1997. 300 $aX, 274 p. ;$c23 cm. 490 0 $aWissenschaftliche Monographien zum Alten und Neuen Testament ;$v75. 650 4$aBibbia. Antico Testamento. Isaia - Commentari, studi, critica, interpretazioni.$0(OLS)http://semarc/subject/111 830 0$aWissenschaftliche Monographien zum Alten und Neuen Testament ;$v75.$0(OLS)http://semarc/title/114 850 $aSeMil 852 $aSeMil$W1$xVenegono$y1$m2XA T 75$j255959$B25335$CSeMilBibl$Z2$F25338 $81 961 $aAcquisto: Casa editrice 996 $6020$a3-7887-1640-1$9(OLS)http://semarc/number/35014 996 $6245$aDie Unzugänglichkeit Gottes im Heiligtum :$bJesaja 6 und der Wohnort JHWHs in der Jerusalemer Kulttradition$9(OLS)http://semarc/title/92430 996 $6260$aNeukirchen-Vluyn :$bNeukirchener$9(OLS)http://semarc/publisher/29645